000 00587nam a22002057a 4500
999 _c5672
_d5672
003 AR-CdUCM
008 190313b ||||| |||| 00| 0 spa d
040 _aMUNICIPALIDAD PROVINCIAL DEL CUSCO
_cBIBLIOTECA MUNICIPAL DEL CUSCO
082 _a808.068 /
_bC11
100 _aCabel, Jesus
_96084
245 _aHoguera /
260 _aLima :
_bLa nueva generación,
_c1969.
300 _a29 paginas ;
_c16 cm.
500 _aDonación familia Nieto
505 _aContenido :Poemas /
650 _aLiteratura peruana
_9169
650 _aPoemas
_9929
942 _2ddc
_cLIBROS
945 _arjall